000 00571nam a22002177a 4500
003 OSt
005 20210423063220.0
008 210218s1970 ||||| |||| 00| 0 eng d
020 _a033002484X
040 _aeng
_beng
_cDLC
041 _aeng
080 _a821.111
_bF-85
100 _9964
_aFraser, MacDonald. George
245 _aFlashman
_c/ by: Pan Books
260 _aLondon
_bPan Books
_c1970
300 _a286 p.
365 _b1 gbp
650 0 _9254
_aEnglish literature
653 _aინგლისური ლიტერატურა
942 _2udc
_cBK
999 _c1538
_d1538